000 00503cam a22002171 4500
001 sa 68007112
003 DLC
005 20260227112520.0
008 890227s1968 xx 000 0 ben
010 _asa 68007112
035 _a(OCoLC)23573143
040 _aDLC
_cMiU
_dDLC
042 _apremarc
050 0 0 _aPK1718.K3
_bY28
100 1 _aKara, Bimala,
_d1921-2003.
245 1 0 _aYaduhaṃśa.
260 _c[1968]
300 _a251 p.
_c22 cm.
500 _aA novel.
546 _aIn Bengali.
999 _c81631
_d81631